<?xml version="1.0" encoding="UTF-8"?><?xml-stylesheet type="text/xsl" href="static/style.xsl"?><OAI-PMH xmlns="http://www.openarchives.org/OAI/2.0/" xmlns:xsi="http://www.w3.org/2001/XMLSchema-instance" xsi:schemaLocation="http://www.openarchives.org/OAI/2.0/ http://www.openarchives.org/OAI/2.0/OAI-PMH.xsd"><responseDate>2026-06-01T08:29:39Z</responseDate><request verb="GetRecord" identifier="oai:riuma.uma.es:10630/45712" metadataPrefix="marc">https://riuma.uma.es/rest/oai/request</request><GetRecord><record><header><identifier>oai:riuma.uma.es:10630/45712</identifier><datestamp>2026-02-25T00:48:10Z</datestamp><setSpec>com_10630_2254</setSpec><setSpec>col_10630_37953</setSpec></header><metadata><record xmlns="http://www.loc.gov/MARC21/slim" xmlns:dcterms="http://purl.org/dc/terms/" xmlns:doc="http://www.lyncode.com/xoai" xmlns:xsi="http://www.w3.org/2001/XMLSchema-instance" xsi:schemaLocation="http://www.loc.gov/MARC21/slim http://www.loc.gov/standards/marcxml/schema/MARC21slim.xsd">
   <leader>00925njm 22002777a 4500</leader>
   <datafield ind2=" " ind1=" " tag="042">
      <subfield code="a">dc</subfield>
   </datafield>
   <datafield ind2=" " ind1=" " tag="720">
      <subfield code="a">Fernandez-Solano, Ana Judit</subfield>
      <subfield code="e">author</subfield>
   </datafield>
   <datafield ind2=" " ind1=" " tag="720">
      <subfield code="a">Del Baño-Aledo, Maria Elena</subfield>
      <subfield code="e">author</subfield>
   </datafield>
   <datafield ind2=" " ind1=" " tag="720">
      <subfield code="a">Rodríguez-Bailón, María</subfield>
      <subfield code="e">author</subfield>
   </datafield>
   <datafield ind2=" " ind1=" " tag="260">
      <subfield code="c">2019</subfield>
   </datafield>
   <datafield ind2=" " ind1=" " tag="520">
      <subfield code="a">Purpose: The aim of this study was to evaluate the benefits of an occupational self-analysis program in people with acquired brain injury (ABI) in the areas of subjective health perception and occupational participation. Material and Method: This study explored the benefits of an occupational self-analysis program in people with ABI. The intervention group comprised 7 participants; the control group included 5 participants. Outcomes were measured using the SF-36 Health Survey and the Role Checklist. The contents of solicited participant diaries and a focus group discussion were also analyzed. Results: Compared to the control group, the intervention group showed statistically significant improvements in the SF-36 energy/fatigue subscale. The qualitative analysis revealed that participants in the intervention group increased their occupational participation in activities of daily living (ADL), social involvement, and leisure. Conclusion: The program helped participants improve their health perception and increase their occupational participation through learning about their supports and barriers for engaging in meaningful activities.</subfield>
   </datafield>
   <datafield ind1="8" ind2=" " tag="024">
      <subfield code="a">Ana Judit Fernández-Solano, María Elena Del Baño-Aledo &amp; María RodríguezBailón (2019): Results of an occupational self-analysis program in people with acquired brain injury. A pilot study, Brain Injury, DOI: 10.1080/02699052.2019.1689576</subfield>
   </datafield>
   <datafield ind1="8" ind2=" " tag="024">
      <subfield code="a">https://hdl.handle.net/10630/45712</subfield>
   </datafield>
   <datafield ind1="8" ind2=" " tag="024">
      <subfield code="a">10.1080/02699052.2019.1689576</subfield>
   </datafield>
   <datafield tag="653" ind2=" " ind1=" ">
      <subfield code="a">Terapia ocupacional</subfield>
   </datafield>
   <datafield ind2="0" ind1="0" tag="245">
      <subfield code="a">Results of an occupational self-analysis program in people with acquired brain injury. A pilot study</subfield>
   </datafield>
</record>
</metadata></record></GetRecord></OAI-PMH>